Investigación internacional sobre la evaluación del rendimiento escolar
Guardado en:
| Autores principales: | , |
|---|---|
| Formato: | Libro |
| Lenguaje: | español |
| Publicado: |
Santiago
Universidad de Chile
1970
|
| Colección: | Instituto de Investigaciones Estadísticas, 4
|
| Materias: | |
| Etiquetas: |
Agregar Etiqueta
Sin Etiquetas, Sea el primero en etiquetar este registro!
|
MARC
| LEADER | 00000nam a2200000 a 4500 | ||
|---|---|---|---|
| 001 | UCU0523 | ||
| 003 | CL-VaPUC | ||
| 008 | 960322e19700000CL |||||||||||||||||spa|d | ||
| 082 | 0 | 4 | |a 371.26 |b GRA |2 21 |
| 100 | |a Grassau S., Erika |e author |9 358899 | ||
| 700 | 0 | |a Rodríguez S., Cristina |e author |9 355760 | |
| 245 | 1 | 0 | |a Investigación internacional sobre la evaluación del rendimiento escolar |
| 300 | |a 104 p | ||
| 942 | |c BK | ||
| 945 | |d 19960322 00:00:00 |a lriquelm | ||
| 260 | |a Santiago |b Universidad de Chile |c 1970 | ||
| 650 | 0 | |a Evaluación de la educación |9 237505 | |
| 650 | 7 | |a RENDIMIENTO |2 CL-VaPUC |9 260872 | |
| 650 | 7 | |a LOGROS |2 CL-VaPUC |9 355761 | |
| 650 | 7 | |a EDUCACION COMPARADA |2 CL-VaPUC |9 307694 | |
| 583 | |a last modification |c 19960322 00:00:00 |k Rodrigo Vera | ||
| 490 | 0 | |a Instituto de Investigaciones Estadísticas, 4 | |
| 999 | |c 245364 |d 245362 | ||
| 952 | |0 0 |1 0 |4 0 |6 371_260000000000000_GRA_1970 |7 0 |8 P |9 259850 |a BIBEDU |b BIBEDU |c BIBEDU_PB |d 2019-11-19 |i 1636790 |o 371.26 GRA 1970 |p 1636790 |r 2024-01-25 |w 2019-11-19 |y BK |k EDU | ||